Zmeny v platení preddavkov na daň z príjmov fyzických osôb

Niektoré zmeny v platení preddavkov, ktoré prináša nový zákon o daniach z príjmov s účinnosťou od 1.1.2000.

Na minha lista:
Detalhes bibliográficos
Autor principal: Boráková, Marta
Formato: Capítulo de Livro
Idioma:eslovaco
Assuntos:
Tags: Adicionar Tag
Sem tags, seja o primeiro a adicionar uma tag!

MARC

LEADER 00000naa a2200000 4500
001 r038666
005 20231003083845.8
041 0 |a slo 
044 |a SK 
245 1 0 |a Zmeny v platení preddavkov na daň z príjmov fyzických osôb  |c Marta Boráková 
520 |a Niektoré zmeny v platení preddavkov, ktoré prináša nový zákon o daniach z príjmov s účinnosťou od 1.1.2000. 
610 2 0 |a dane z príjmov 
610 2 0 |a preddavky 
610 2 0 |a osoby fyzické 
610 2 0 |a úpravy právne 
610 2 0 |a zákony 
610 2 0 |a Slovensko 
610 2 0 |a január 
610 2 0 |a 2000 
100 1 |a Boráková, Marta